| 000 | 00396nam a22001571c 4500 | ||
|---|---|---|---|
| 001 | a987683085 | ||
| 008 | 051003s1990 gw |||| 000u eng d | ||
| 041 | _aeng | ||
| 100 | 1 | _aChristian, David | |
| 245 | 0 | 0 |
_aLiving Water : _bVodka and Russian Society on the Eve of Emancipation |
| 264 |
_aOxford, _c1990 |
||
| 300 | _a447 S. Oln. | ||
| 942 | _cMG | ||
| 040 | _cRU-10907106 | ||
| 003 | RU-10907106 | ||
| 999 |
_c9534 _d9534 |
||